| 000 | 00729pam a2200229 a 4500 | ||
|---|---|---|---|
| 001 | 4378896 | ||
| 005 | 20180109040141.0 | ||
| 008 | 910618s1992 caua b 001 0 eng | ||
| 010 | _a 91024153 | ||
| 020 | _a0122748808 (alk. paper) | ||
| 040 |
_aDLC _cDLC _dDLC |
||
| 041 | _aeng | ||
| 080 | _a005.1 JAC | ||
| 082 | 0 | 0 |
_a005.1 JAC _220 |
| 100 | 1 | _a44 | |
| 101 | _aART | ||
| 245 | 1 | 4 |
_aThe art of programming embedded systems / _cJack G. Ganssle. |
| 504 | _aIncludes bibliographical references (p. 271-274) and index. | ||
| 906 |
_a7 _bcbc _corignew _d1 _eocip _f19 _gy-gencatlg |
||
| 942 |
_2ddc _cBK |
||
| 999 |
_c39853 _d39853 |
||